| 000 | 00767nam a2200229 a 4500 | ||
|---|---|---|---|
| 005 | 20240925063838.0 | ||
| 008 | 991125s1991 es 000 0 spa u | ||
| 020 | _a8486235480 | ||
| 035 | _aUPN01000005269 | ||
| 049 | _aCG | ||
| 050 | 4 |
_aLB1733 _bP74 no.7 1991 |
|
| 100 | 1 |
_aYuste Hernanz, Carlos _929510 |
|
| 245 | 1 | 0 |
_aBadyg-gráfico C : _bmanual técnico / _cCarlos Yuste Hernanz. |
| 260 |
_aMadrid : _bCEPE, _c1991. |
||
| 300 |
_a78 p. : _bgráfs. + _e2 folletos |
||
| 440 | 0 |
_aTests y psicodiagnóstico ; _v7 |
|
| 500 | _aIncluye: BADYG habilidad mental verbal, Cuaderno de respuestas y Plantillas de corrección | ||
| 650 | 4 |
_aBATERIA DE TESTS _92974 |
|
| 650 | 4 |
_aMediciones y pruebas educativas _94299 |
|
| 650 | 4 |
_aPruebas mentales _915534 |
|
| 905 | _aLibro | ||
| 999 |
_c5269 _d5269 |
||